Prvá jazdecká : hra /

Hlavní autor: Višnevskij, Vsevolod Vital‘jevič, 1900-1951
Další autoři: Ličková, Marta, 1926-2020
Jazyk: Slovenština
Vydáno: Bratislava : Slovenské divadelné a literárne zastupiteľstvo, 1961
Edice: Klasická dráma
Fyzický popis: 104 s.
Knihy
Uloženo v:
LEADER 00885nam a22002532a 4500
001 001387350
003 CZ BrMZK
005 20140717081730.0
007 ta
008 140515s1961 xo er|||||||||||slo d
040 |a BOA001  |b cze 
041 1 |a slo  |h rus 
100 1 |a Višnevskij, Vsevolod Vital‘jevič,  |d 1900-1951  |7 jn20000605446  |4 aut 
245 1 0 |a Prvá jazdecká :  |b hra /  |c Vsevolod Vital'jevič Višnevskij ; preložila Marta Ličková 
260 |a Bratislava :  |b Slovenské divadelné a literárne zastupiteľstvo,  |c 1961 
300 |a 104 s. 
490 1 |a Klasická dráma ;  |v zv. 18 
500 |a Přeloženo z ruštiny 
700 1 |a Ličková, Marta,  |d 1926-2020  |7 mzk2004241670  |4 trl 
830 0 |a Klasická dráma 
910 |a BOA001  |b 2-0466.118 
990 |a BK 
991 |b 201405 
996 7 |b 2619068275  |c 2-0466.118  |l MZK  |r Sklad / do 24 hodin  |n 0  |w 001422394  |u 000010  |a 1  |e BOA001  |j MZK50  |s A